[Event "FIDE World Youth U16 Chess Olympiad SLOVAKIA 2016"]
[Site "Poprad Tatry SLOVAKIA"]
[Date "2016.07.22"]
[Round "1"]
[Board "3"]
[White "Banzea, Alexandru-Bogdan"]
[Black "Shafi, Declan"]
[Result "1/2-1/2"]
[WhiteElo "2263"]
[BlackElo "1841"]
[PlyCount "125"]
[EventDate "2016.07.22"]
[EventType "team"]
[EventRounds "9"]
[EventCountry "SVK"]
[WhiteTeam "Romania"]
[BlackTeam "Scotland"]

1. e4 e5 2. Nf3 Nc6 3. d4 exd4 4. Nxd4 Nf6 5. Nxc6 bxc6 6. e5 Qe7 7. Qe2 Nd5 8.
c4 Nb6 9. Nc3 Qe6 10. Qe4 d5 11. exd6 cxd6 12. Be2 Qxe4 13. Nxe4 d5 14. cxd5
cxd5 15. Nc3 Bb7 16. O-O O-O-O 17. Bf4 Bc6 18. Rac1 Kb7 19. Nb5 Bxb5 20. Bxb5
Bd6 21. Be3 Rc8 22. Rcd1 Be5 23. b3 Rhd8 24. Rfe1 Bf6 25. f3 Rc2 26. Bd4 Bxd4+
27. Rxd4 Rdc8 28. a4 a5 29. b4 axb4 30. Rxb4 Ra2 31. Re7+ Rc7 32. Rxc7+ Kxc7
33. Rg4 g6 34. Rh4 h5 35. Be8 Nc4 36. Rd4 Ne3 37. h4 Rxg2+ 38. Kh1 Rf2 39. Bxf7
Rxf3 40. Bxg6 Rh3+ 41. Kg1 Rg3+ 42. Kf2 Rxg6 43. Kxe3 Kd6 44. a5 Kc5 45. Ra4
Rg3+ 46. Kf2 Rg8 47. Ra1 Ra8 48. Ke3 Kb5 49. Rb1+ Kc5 50. Ra1 Kb5 51. Kd4 Rxa5
52. Rxa5+ Kxa5 53. Kxd5 Kb5 54. Ke5 Kc5 55. Kf5 Kd5 56. Kg5 Ke6 57. Kxh5 Kf7
58. Kg5 Kg7 59. h5 Kh7 60. h6 Kh8 61. Kg6 Kg8 62. h7+ Kh8 63. Kh6 1/2-1/2

[Event "FIDE World Youth U16 Chess Olympiad SLOVAKIA 2016"]
[Site "Poprad Tatry SLOVAKIA"]
[Date "2016.07.22"]
[Round "1"]
[Board "4"]
[White "Espinosa Cancino, Monica"]
[Black "Jakab, Kincso"]
[Result "1/2-1/2"]
[WhiteElo "1636"]
[BlackElo "1915"]
[PlyCount "145"]
[EventDate "2016.07.22"]
[EventType "team"]
[EventRounds "9"]
[EventCountry "SVK"]
[WhiteTeam "Scotland"]
[BlackTeam "Romania"]

1. d4 d5 2. Nf3 e6 3. e3 c5 4. Nbd2 Nc6 5. c3 Nf6 6. Bd3 Qc7 7. O-O Be7 8. Qe2
O-O 9. e4 dxe4 10. Nxe4 cxd4 11. Nxf6+ Bxf6 12. Qe4 g6 13. cxd4 Rd8 14. Be3 Nb4
15. Rfd1 Nxd3 16. Qxd3 b6 17. Rac1 Qd6 18. Qe4 Ba6 19. Ne5 Bb7 20. Qxb7 Bxe5
21. g3 Bf6 22. Rc7 Rdb8 23. Qc6 Qxc6 24. Rxc6 Rd8 25. Rd2 Rd5 26. f4 Rad8 27.
Rc4 b5 28. Rc5 Rxc5 29. dxc5 Rxd2 30. Bxd2 Bd4+ 31. Kf1 Bxc5 32. Bc3 Kf8 33. h3
Ke7 34. Ke2 Kd6 35. Kd3 Kd5 36. Bf6 Bf2 37. g4 a6 38. Bg7 Bg3 39. Bh6 Bf2 40.
Bg7 Bc5 41. Bf6 Bd6 42. Bg5 e5 43. fxe5 Bxe5 44. Bc1 Bd4 45. b3 Be5 46. Bd2 f5
47. gxf5 gxf5 48. Be1 Bd6 49. Bf2 f4 50. Bg1 Ke5 51. Bd4+ Kd5 52. Bf2 Ba3 53.
Bd4 Bc1 54. Bf2 Bb2 55. Bg1 Ke5 56. Bf2 Bc1 57. Bd4+ Kf5 58. Bf2 f3 59. Bg3 Bf4
60. Bf2 Bc1 61. Bg3 h5 62. Bh2 Kg5 63. Bg3 Bf4 64. Bf2 Kf5 65. Bg1 h4 66. Bb6
Bg3 67. Ke3 f2 68. Ke2 Kf4 69. a4 bxa4 70. bxa4 Ke4 71. a5 Kf5 72. Bd8 Ke4 73.
Bb6 1/2-1/2

[Event "FIDE World Youth U16 Chess Olympiad SLOVAKIA 2016"]
[Site "Poprad Tatry SLOVAKIA"]
[Date "2016.07.22"]
[Round "1"]
[Board "1"]
[White "Beukema, Jasper"]
[Black "Nikitenko, Mihail"]
[Result "1/2-1/2"]
[WhiteElo "2163"]
[BlackElo "2364"]
[PlyCount "99"]
[EventDate "2016.07.22"]
[EventType "team"]
[EventRounds "9"]
[EventCountry "SVK"]
[WhiteTeam "Belgium"]
[BlackTeam "Belarus"]

1. e4 e5 2. Nf3 Nc6 3. Bb5 a6 4. Ba4 Nf6 5. O-O Be7 6. Re1 b5 7. Bb3 d6 8. h3
O-O 9. c3 Bb7 10. d4 Nd7 11. Nbd2 Bf6 12. Nf1 Re8 13. Ng3 g6 14. Be3 Na5 15.
Nh2 Nxb3 16. axb3 Bg7 17. Ng4 h5 18. Nh6+ Kf8 19. d5 Bf6 20. Nxh5 Bh4 21. Qf3
Qe7 22. Qg4 Nf6 23. Nxf6 Bxf6 24. Nf5 Qd8 25. Bh6+ Kg8 26. Re3 Bc8 27. Rg3 Kh7
28. Bd2 Rg8 29. Qf3 Rh8 30. h4 c5 31. Nh6 Kg7 32. Nf5+ Bxf5 33. exf5 Rxh4 34.
fxg6 fxg6 35. Rh3 Qh8 36. Rxh4 Qxh4 37. g3 Qh3 38. Be3 Kf7 39. Qe4 Qf5 40. Qxf5
gxf5 41. Kf1 Kg6 42. Ke2 Bg5 43. f4 Bf6 44. fxe5 Bxe5 45. Rh1 Kg7 46. Rh5 Rh8
47. Rxh8 Kxh8 48. Bf4 Bxf4 49. gxf4 Kg7 50. b4 1/2-1/2

[Event "FIDE World Youth U16 Chess Olympiad SLOVAKIA 2016"]
[Site "Poprad Tatry SLOVAKIA"]
[Date "2016.07.22"]
[Round "1"]
[Board "2"]
[White "Zarubitski, Viachaslau"]
[Black "Huygebaert, Batist"]
[Result "1-0"]
[WhiteElo "2289"]
[BlackElo "1850"]
[PlyCount "53"]
[EventDate "2016.07.22"]
[EventType "team"]
[EventRounds "9"]
[EventCountry "SVK"]
[WhiteTeam "Belarus"]
[BlackTeam "Belgium"]

1. e4 e6 2. d4 d5 3. Nc3 Nf6 4. Bg5 Bb4 5. e5 h6 6. Bd2 Nfd7 7. Qg4 Kf8 8. a3
Bxc3 9. Bxc3 c5 10. f4 Nc6 11. Nf3 f5 12. Qh3 cxd4 13. Nxd4 Nb6 14. g4 Na4 15.
Bb4+ Kf7 16. Nb5 g6 17. Nd6+ Kg7 18. gxf5 exf5 19. Rg1 Qb6 20. Qg3 Ne7 21. Nc4
dxc4 22. Bxe7 Re8 23. Bb4 Qc6 24. O-O-O Re6 25. Rd6 Qe8 26. Bxc4 Rxd6 27. exd6
 1-0

[Event "FIDE World Youth U16 Chess Olympiad SLOVAKIA 2016"]
[Site "Poprad Tatry SLOVAKIA"]
[Date "2016.07.22"]
[Round "1"]
[Board "3"]
[White "Huttl, Sofie"]
[Black "Ivannikau, Maksim"]
[Result "0-1"]
[WhiteElo "1727"]
[BlackElo "2168"]
[PlyCount "136"]
[EventDate "2016.07.22"]
[EventType "team"]
[EventRounds "9"]
[EventCountry "SVK"]
[WhiteTeam "Belgium"]
[BlackTeam "Belarus"]

1. e4 c5 2. Nf3 g6 3. d4 cxd4 4. Nxd4 Bg7 5. Nc3 Nc6 6. Be3 Nf6 7. Bc4 O-O 8.
Bb3 d6 9. f3 Bd7 10. Qd2 Nxd4 11. Bxd4 b5 12. O-O a5 13. a4 b4 14. Nd5 Nxd5 15.
Bxg7 Kxg7 16. Qxd5 Qb6+ 17. Rf2 Be6 18. Qd3 Bxb3 19. cxb3 Rac8 20. Kf1 Qc5 21.
Rd2 Rc7 22. Rad1 Rfc8 23. Ke2 Qh5 24. h3 Qg5 25. Kf2 Rc1 26. Ke1 Kg8 27. Rxc1
Rxc1+ 28. Kf2 Qc5+ 29. Qd4 Qxd4+ 30. Rxd4 Rc2+ 31. Kg3 Rxb2 32. Rd5 Rxb3 33.
Rxa5 Ra3 34. Ra8+ Kg7 35. a5 Kf6 36. a6 g5 37. Kg4 Ra2 38. Kg3 h5 39. h4 gxh4+
40. Kxh4 Rxg2 41. Kxh5 Ra2 42. Rb8 Rxa6 43. Rxb4 Ra1 44. Kg4 Rd1 45. Kf4 Rd3
46. Rb5 e5+ 47. Kg4 Rd1 48. Kg3 Ke6 49. f4 Rd3+ 50. Kg4 Re3 51. f5+ Kf6 52. Rb4
Rc3 53. Rb6 Rd3 54. Rb4 Ra3 55. Rb1 Ra4 56. Kf3 Rd4 57. Rb6 Kg5 58. Rb5 Rd3+
59. Ke2 Rd4 60. Kf3 Rd2 61. Ke3 Rd1 62. Ke2 Ra1 63. Rd5 Kf4 64. Rxd6 Kxe4 65.
f6 Ra2+ 66. Ke1 Kf5 67. Rb6 Rh2 68. Kf1 Rh6 0-1

[Event "FIDE World Youth U16 Chess Olympiad SLOVAKIA 2016"]
[Site "Poprad Tatry SLOVAKIA"]
[Date "2016.07.22"]
[Round "1"]
[Board "4"]
[White "Badelka, Olga"]
[Black "Swennen, Fleur"]
[Result "1-0"]
[WhiteElo "2175"]
[BlackElo "1648"]
[PlyCount "77"]
[EventDate "2016.07.22"]
[EventType "team"]
[EventRounds "9"]
[EventCountry "SVK"]
[WhiteTeam "Belarus"]
[BlackTeam "Belgium"]

1. d4 f5 2. c4 e6 3. Nf3 Nf6 4. Nbd2 Be7 5. e3 b6 6. Bd3 Bb7 7. Qc2 Bb4 8. O-O
O-O 9. a3 Bxd2 10. Nxd2 Qe8 11. f3 Qh5 12. b4 d6 13. Bb2 Nbd7 14. Rae1 Rae8 15.
c5 dxc5 16. dxc5 Nb8 17. Nc4 Nfd7 18. cxb6 axb6 19. a4 Nc6 20. Qc3 Qf7 21. e4
f4 22. b5 Ne7 23. a5 Ba8 24. axb6 Nxb6 25. Ne5 Qh5 26. Qxc7 Nec8 27. Ra1 Re7
28. Qc3 Bb7 29. Ba3 Rd8 30. Bxe7 Nxe7 31. Qc7 Rc8 32. Qxb7 Qxe5 33. Qxb6 Rb8
34. Qf2 Nc8 35. Rac1 Nd6 36. Rc5 Qf6 37. e5 Qe7 38. exd6 Qxd6 39. Be4 1-0

[Event "FIDE World Youth U16 Chess Olympiad SLOVAKIA 2016"]
[Site "Poprad Tatry SLOVAKIA"]
[Date "2016.07.22"]
[Round "1"]
[Board "1"]
[White "Pechac, Jergus"]
[Black "Michaelides, Konstantinos"]
[Result "1-0"]
[WhiteElo "2463"]
[BlackElo "2154"]
[PlyCount "87"]
[EventDate "2016.07.22"]
[EventType "team"]
[EventRounds "9"]
[EventCountry "SVK"]
[WhiteTeam "Slovakia 1"]
[BlackTeam "Cyprus"]

1. e4 e6 2. d4 d5 3. Nd2 Nc6 4. Ngf3 Nf6 5. e5 Nd7 6. c3 f6 7. exf6 Qxf6 8. Bb5
Bd6 9. Nf1 O-O 10. Bg5 Qf7 11. Bh4 h6 12. Ne3 Ne7 13. Bxd7 Bxd7 14. Bg3 Rae8
15. O-O Ng6 16. Ng4 Qf5 17. h3 Nf4 18. Nge5 Bb5 19. Re1 Kh7 20. a4 Bc6 21. b4
Bxe5 22. Rxe5 Qf6 23. Bxf4 Qxf4 24. Qc2+ g6 25. Rae1 Bd7 26. R5e3 Re7 27. Ne5
Qf5 28. Qxf5 Rxf5 29. Nxd7 Rxd7 30. Rxe6 Kg7 31. Re8 Rf8 32. R1e7+ Rf7 33. Rxd7
Rxd7 34. b5 b6 35. Kf1 Kf7 36. Rh8 Kg7 37. Ra8 c5 38. bxc6 Rc7 39. c4 dxc4 40.
d5 Re7 41. d6 c3 42. dxe7 c2 43. e8=Q c1=Q+ 44. Qe1 1-0

[Event "FIDE World Youth U16 Chess Olympiad SLOVAKIA 2016"]
[Site "Poprad Tatry SLOVAKIA"]
[Date "2016.07.22"]
[Round "1"]
[Board "2"]
[White "Hadjinicolaou, Andreas"]
[Black "Haring, Viktor"]
[Result "0-1"]
[WhiteElo "1618"]
[BlackElo "2289"]
[PlyCount "64"]
[EventDate "2016.07.22"]
[EventType "team"]
[EventRounds "9"]
[EventCountry "SVK"]
[WhiteTeam "Cyprus"]
[BlackTeam "Slovakia 1"]

1. d4 Nf6 2. Nf3 e6 3. e3 c5 4. Bd3 Nc6 5. b3 b6 6. Bb2 Bb7 7. O-O Be7 8. Nbd2
cxd4 9. exd4 Nb4 10. Be2 Rc8 11. c4 O-O 12. a3 Nc6 13. Bd3 d5 14. Rc1 Qc7 15.
Ne5 dxc4 16. Rxc4 Qb8 17. b4 Rfd8 18. Ndf3 Nxe5 19. Nxe5 Qa8 20. f3 Rxc4 21.
Bxc4 Nd5 22. Re1 Bd6 23. Qe2 Qb8 24. g3 Qa8 25. Kf2 a6 26. Bb3 b5 27. Nd3 a5
28. Nc5 axb4 29. axb4 Nxb4 30. Qxb5 Bxc5 31. dxc5 Nd3+ 32. Kg1 Nxe1 0-1

[Event "FIDE World Youth U16 Chess Olympiad SLOVAKIA 2016"]
[Site "Poprad Tatry SLOVAKIA"]
[Date "2016.07.22"]
[Round "1"]
[Board "3"]
[White "Lintner, Igor"]
[Black "Theocharous, Mikis"]
[Result "1-0"]
[WhiteElo "2191"]
[BlackElo "1604"]
[PlyCount "75"]
[EventDate "2016.07.22"]
[EventType "team"]
[EventRounds "9"]
[EventCountry "SVK"]
[WhiteTeam "Slovakia 1"]
[BlackTeam "Cyprus"]

1. e4 e5 2. Nf3 Nc6 3. d4 exd4 4. Bc4 Nf6 5. e5 d5 6. Bb5 Ne4 7. Nxd4 Bd7 8.
Bxc6 bxc6 9. O-O Bc5 10. Nc3 Nxc3 11. bxc3 O-O 12. Nb3 Bb6 13. a4 a5 14. Qh5
Qe8 15. Ba3 f5 16. Qe2 Rf6 17. Bc5 Rh6 18. f4 Qg6 19. Rad1 Re8 20. Qf2 Qh5 21.
h3 Rb8 22. Rb1 Rg6 23. Kh2 Rh6 24. Nxa5 Qh4 25. Qxh4 Rxh4 26. Rb4 Kf7 27. g3
Rh6 28. Rfb1 g5 29. Bxb6 cxb6 30. Rxb6 Ra8 31. Nb7 Rxa4 32. Nc5 Ra2 33. R1b2
Rxb2 34. Rxb2 Bc8 35. Rb8 Be6 36. fxg5 Rh5 37. Rb7+ Kg6 38. Nxe6 1-0

[Event "FIDE World Youth U16 Chess Olympiad SLOVAKIA 2016"]
[Site "Poprad Tatry SLOVAKIA"]
[Date "2016.07.22"]
[Round "1"]
[Board "4"]
[White "Charalambous, Charalambos"]
[Black "Vrtiakova, Anna"]
[Result "0-1"]
[WhiteElo "1593"]
[BlackElo "2044"]
[PlyCount "74"]
[EventDate "2016.07.22"]
[EventType "team"]
[EventRounds "9"]
[EventCountry "SVK"]
[WhiteTeam "Cyprus"]
[BlackTeam "Slovakia 1"]

1. e4 c5 2. Nf3 d6 3. d4 cxd4 4. Nxd4 Nf6 5. Nc3 a6 6. Be3 e5 7. Nb3 Be7 8. f3
Be6 9. Nd5 Nxd5 10. exd5 Bf5 11. Bd3 Bxd3 12. Qxd3 Nd7 13. O-O-O b5 14. Rhe1
O-O 15. Qd2 a5 16. Kb1 f5 17. g3 Qc7 18. Rc1 a4 19. Na1 Qb7 20. h4 Bd8 21. Rh1
Ba5 22. Qd3 Rab8 23. h5 Nc5 24. Bxc5 dxc5 25. Rcd1 c4 26. Qe2 Rfe8 27. g4 f4
28. Qe4 Rbd8 29. Rhe1 Bxe1 30. Qxe1 Rxd5 31. c3 Red8 32. Rxd5 Qxd5 33. Kc1 Qxf3
34. Qg1 Qe3+ 35. Qxe3 fxe3 36. Nc2 e2 37. Ne1 Rd1+ 0-1

[Event "FIDE World Youth U16 Chess Olympiad SLOVAKIA 2016"]
[Site "Poprad Tatry SLOVAKIA"]
[Date "2016.07.22"]
[Round "1"]
[Board "1"]
[White "Mirza, Diana"]
[Black "Mesaros, Florian"]
[Result "0-1"]
[WhiteElo "1889"]
[BlackElo "2324"]
[PlyCount "72"]
[EventDate "2016.07.22"]
[EventType "team"]
[EventRounds "9"]
[EventCountry "SVK"]
[WhiteTeam "Ireland"]
[BlackTeam "Austria"]

1. e4 c5 2. Nf3 e6 3. d3 Nc6 4. g3 d6 5. Bg2 Nf6 6. O-O Be7 7. Nbd2 O-O 8. Re1
Bd7 9. c3 Rc8 10. Qe2 b5 11. Nf1 b4 12. Bd2 a5 13. a4 bxa3 14. Rxa3 Rb8 15. Rb1
Qc7 16. Ne3 Rfe8 17. Nc4 a4 18. e5 dxe5 19. Nfxe5 Nxe5 20. Qxe5 Qa7 21. Rba1
Bb5 22. b3 Qd7 23. Qe2 Rbd8 24. Ne5 Bxd3 25. Qe3 Qd6 26. bxa4 Ba6 27. R3a2 Nd5
28. Qe4 Bf6 29. f4 Rb8 30. a5 Rb3 31. Ra3 Rb2 32. Bc1 Nxc3 33. Bxb2 Nxe4 34.
Bxe4 c4 35. Ra4 Qd2 36. R4a2 Qe3+ 0-1

[Event "FIDE World Youth U16 Chess Olympiad SLOVAKIA 2016"]
[Site "Poprad Tatry SLOVAKIA"]
[Date "2016.07.22"]
[Round "1"]
[Board "2"]
[White "Horvath, Dominik"]
[Black "Melaugh, Shane"]
[Result "1-0"]
[WhiteElo "2216"]
[BlackElo "1677"]
[PlyCount "61"]
[EventDate "2016.07.22"]
[EventType "team"]
[EventRounds "9"]
[EventCountry "SVK"]
[WhiteTeam "Austria"]
[BlackTeam "Ireland"]

1. Nf3 f5 2. c4 Nf6 3. Nc3 e6 4. g3 g6 5. Bg2 Bg7 6. O-O O-O 7. d4 d6 8. b3 Nc6
9. Bb2 e5 10. dxe5 dxe5 11. e4 fxe4 12. Ng5 Bg4 13. Qxd8 Raxd8 14. Ncxe4 Nxe4
15. Bxe4 Bf6 16. Bd5+ Kg7 17. Ne4 Bf5 18. Nxf6 Rxf6 19. f4 Bh3 20. Rfe1 Rdf8
21. b4 Nd4 22. Rxe5 Nc2 23. Re7+ Kh6 24. Rc1 c6 25. Bxf6 Rxf6 26. Bg8 Kh5 27.
Rxh7+ Kg4 28. Rxc2 g5 29. Re2 Rd6 30. Be6+ Kf3 31. Rf2+ 1-0

[Event "FIDE World Youth U16 Chess Olympiad SLOVAKIA 2016"]
[Site "Poprad Tatry SLOVAKIA"]
[Date "2016.07.22"]
[Round "1"]
[Board "4"]
[White "Schloffer, Jasmin-Denise"]
[Black "Goss, Alex"]
[Result "1-0"]
[WhiteElo "2005"]
[BlackElo "1618"]
[PlyCount "43"]
[EventDate "2016.07.22"]
[EventType "team"]
[EventRounds "9"]
[EventCountry "SVK"]
[WhiteTeam "Austria"]
[BlackTeam "Ireland"]

1. d4 Nf6 2. c4 e6 3. Nc3 b6 4. e4 Bb7 5. Bd3 Bb4 6. Qc2 Nc6 7. Nf3 d6 8. O-O
h6 9. Bd2 O-O 10. a3 Bxc3 11. Bxc3 Ne7 12. Rfd1 Nd7 13. Rac1 f5 14. b4 c5 15.
dxc5 dxc5 16. Qe2 Rc8 17. exf5 exf5 18. Qe6+ Kh8 19. Bc2 Bxf3 20. Rxd7 Rc6 21.
Rxd8 Rxe6 22. Rxf8+ 1-0

[Event "FIDE World Youth U16 Chess Olympiad SLOVAKIA 2016"]
[Site "Poprad Tatry SLOVAKIA"]
[Date "2016.07.22"]
[Round "1"]
[Board "1"]
[White "Nie, Xinyang"]
[Black "Gluckman, Paul"]
[Result "1-0"]
[WhiteElo "2314"]
[BlackElo "1923"]
[PlyCount "55"]
[EventDate "2016.07.22"]
[EventType "team"]
[EventRounds "9"]
[EventCountry "SVK"]
[WhiteTeam "China 1"]
[BlackTeam "South Africa 1"]

1. d4 Nf6 2. Nf3 g6 3. c4 d5 4. cxd5 Nxd5 5. e4 Nb6 6. Nc3 Bg7 7. Be3 O-O 8.
Be2 Nc6 9. O-O Bg4 10. e5 Nb4 11. Ne4 N4d5 12. Bd2 Bxf3 13. Bxf3 Nc4 14. Bc3 e6
15. Qb3 Ncb6 16. Bd2 h6 17. g4 g5 18. Rad1 Qe7 19. Rfe1 Rfd8 20. h4 Nf4 21.
hxg5 Nbd5 22. Nf6+ Bxf6 23. gxf6 Qf8 24. Bxd5 Nxd5 25. Kg2 c5 26. Rh1 cxd4 27.
Rxh6 Ne3+ 28. Bxe3 1-0

[Event "FIDE World Youth U16 Chess Olympiad SLOVAKIA 2016"]
[Site "Poprad Tatry SLOVAKIA"]
[Date "2016.07.22"]
[Round "1"]
[Board "2"]
[White "De Jager, Luan"]
[Black "Chen, Qi B"]
[Result "0-1"]
[WhiteElo "1766"]
[BlackElo "2210"]
[PlyCount "68"]
[EventDate "2016.07.22"]
[EventType "team"]
[EventRounds "9"]
[EventCountry "SVK"]
[WhiteTeam "South Africa 1"]
[BlackTeam "China 1"]

1. e4 c5 2. Nf3 d6 3. Bb5+ Nd7 4. d4 cxd4 5. Qxd4 a6 6. Bxd7+ Bxd7 7. O-O e5 8.
Qd3 h6 9. Nc3 Nf6 10. Be3 Be7 11. a4 O-O 12. Rfd1 Qc7 13. a5 Rac8 14. Nd2 Be6
15. Bb6 Qc6 16. Rac1 d5 17. exd5 Nxd5 18. Nxd5 Bxd5 19. Qg3 f5 20. c4 Bf7 21.
b3 Qf6 22. Qc3 Qe6 23. Nb1 Bg5 24. Rc2 e4 25. Qd4 Qg6 26. Qd7 f4 27. Qxb7 f3
28. Ra2 Qf5 29. Kh1 fxg2+ 30. Kg1 Bf4 31. Be3 Qh5 32. Bxf4 Qxd1+ 33. Kxg2 Qf3+
34. Kg1 Qxf4 0-1

[Event "FIDE World Youth U16 Chess Olympiad SLOVAKIA 2016"]
[Site "Poprad Tatry SLOVAKIA"]
[Date "2016.07.22"]
[Round "1"]
[Board "3"]
[White "Wang, Shiwu"]
[Black "Agulhas, Keegan"]
[Result "1-0"]
[WhiteElo "2013"]
[BlackElo "1716"]
[PlyCount "65"]
[EventDate "2016.07.22"]
[EventType "team"]
[EventRounds "9"]
[EventCountry "SVK"]
[WhiteTeam "China 1"]
[BlackTeam "South Africa 1"]

1. Nf3 Nf6 2. c4 g6 3. b3 Bg7 4. Bb2 O-O 5. g3 d6 6. d4 e5 7. dxe5 Nfd7 8. Bg2
dxe5 9. Nc3 Nc6 10. Nd5 a5 11. Nd2 Re8 12. O-O Nc5 13. Ba3 Na6 14. Ne4 Nab4 15.
Qd2 Bf5 16. Rad1 Bxe4 17. Bxe4 f5 18. Nxb4 fxe4 19. Nxc6 Qxd2 20. Rxd2 bxc6 21.
Rd7 Red8 22. Rfd1 Bf6 23. Rxd8+ Rxd8 24. Rxd8+ Bxd8 25. Bb2 Be7 26. Bxe5 Bd6
27. Bc3 Bb4 28. Bxb4 axb4 29. f4 Kf7 30. Kf2 Ke6 31. g4 g5 32. Ke3 gxf4+ 33.
Kxe4 1-0

[Event "FIDE World Youth U16 Chess Olympiad SLOVAKIA 2016"]
[Site "Poprad Tatry SLOVAKIA"]
[Date "2016.07.22"]
[Round "1"]
[Board "4"]
[White "Joubert, Dantelle"]
[Black "Song, Yuxin"]
[Result "1/2-1/2"]
[WhiteElo "1453"]
[BlackElo "1727"]
[PlyCount "88"]
[EventDate "2016.07.22"]
[EventType "team"]
[EventRounds "9"]
[EventCountry "SVK"]
[WhiteTeam "South Africa 1"]
[BlackTeam "China 1"]

1. e4 c5 2. Nf3 d6 3. Bb5+ Bd7 4. Bxd7+ Nxd7 5. O-O Ngf6 6. Re1 g6 7. c3 Bg7 8.
d4 cxd4 9. cxd4 O-O 10. Nc3 Nb6 11. h3 Rc8 12. Qb3 Qc7 13. Nb5 Qb8 14. Bg5 h6
15. Bf4 Nfd7 16. Rac1 Rc6 17. Rxc6 bxc6 18. Nc3 Qb7 19. e5 d5 20. Qc2 e6 21. b3
Rc8 22. Qd2 Kh7 23. Kh1 a6 24. Kg1 Qc7 25. Qd3 Qa7 26. Qd2 c5 27. dxc5 Nxc5 28.
Be3 Qb8 29. Bd4 Nbd7 30. Kh1 Rc6 31. Kg1 Qc7 32. Kh1 Nb6 33. Kg1 Ncd7 34. Qd3
Nc8 35. Kh1 Kg8 36. g4 Ne7 37. Kg1 g5 38. Kh1 Ng6 39. Qe3 Bf8 40. Ne2 Bg7 41.
Nc3 Qb8 42. Ba7 Qb4 43. Bd4 Qb8 44. Ba7 Qc7 1/2-1/2

[Event "FIDE World Youth U16 Chess Olympiad SLOVAKIA 2016"]
[Site "Poprad Tatry SLOVAKIA"]
[Date "2016.07.22"]
[Round "1"]
[Board "1"]
[White "Durica, Adam"]
[Black "Olsen, Filip Boe"]
[Result "0-1"]
[WhiteElo "1944"]
[BlackElo "2263"]
[PlyCount "76"]
[EventDate "2016.07.22"]
[EventType "team"]
[EventRounds "9"]
[EventCountry "SVK"]
[WhiteTeam "Slovakia LSS A"]
[BlackTeam "Denmark"]

1. Nf3 d5 2. g3 Nf6 3. Bg2 Bf5 4. d3 e6 5. O-O h6 6. Nbd2 Be7 7. b3 O-O 8. Bb2
Bh7 9. Re1 Nbd7 10. e4 c6 11. c4 Nc5 12. Bxf6 Bxf6 13. e5 Be7 14. d4 Na6 15. a3
dxc4 16. Nxc4 Nc7 17. Qd2 Qd7 18. b4 Rfd8 19. Rad1 Nb5 20. a4 Nc7 21. Re3 b5
22. axb5 cxb5 23. Na5 Nd5 24. Rb3 Qc7 25. Ra1 Rac8 26. Ne1 Qb6 27. f4 Bxb4 28.
Rxb4 Nxb4 29. Nb3 Nc2 30. Nxc2 Bxc2 31. Na5 Rxd4 32. Qf2 Rcd8 33. Bf1 Ba4 34.
Nc4 bxc4 35. Rxa4 c3 36. Ra1 c2 37. Rc1 Rd2 38. Qxb6 axb6 0-1

[Event "FIDE World Youth U16 Chess Olympiad SLOVAKIA 2016"]
[Site "Poprad Tatry SLOVAKIA"]
[Date "2016.07.22"]
[Round "1"]
[Board "2"]
[White "Moller, Sophus Mechlenburg"]
[Black "Brnusak, Andrej"]
[Result "1-0"]
[WhiteElo "2142"]
[BlackElo "1626"]
[PlyCount "51"]
[EventDate "2016.07.22"]
[EventType "team"]
[EventRounds "9"]
[EventCountry "SVK"]
[WhiteTeam "Denmark"]
[BlackTeam "Slovakia LSS A"]

1. c4 Nf6 2. g3 g6 3. Bg2 Bg7 4. Nc3 O-O 5. e4 e5 6. Nge2 d6 7. O-O Nc6 8. d3
Ne8 9. Be3 f5 10. Qd2 Nf6 11. h3 Ne7 12. Kh2 c5 13. f4 Nc6 14. fxe5 Nxe5 15. b3
Qc7 16. d4 Nf7 17. Rae1 Re8 18. exf5 Bxf5 19. Nf4 Ne4 20. Nxe4 Bxe4 21. Nd5 Qc6
22. Qf2 Nd8 23. Bxe4 Rxe4 24. Bh6 Bxh6 25. Rxe4 Kh8 26. Re7 1-0

[Event "FIDE World Youth U16 Chess Olympiad SLOVAKIA 2016"]
[Site "Poprad Tatry SLOVAKIA"]
[Date "2016.07.22"]
[Round "1"]
[Board "3"]
[White "Brnusak, Tomas"]
[Black "Kristensen, Bjarke Hautop"]
[Result "0-1"]
[WhiteElo "1632"]
[BlackElo "2124"]
[PlyCount "68"]
[EventDate "2016.07.22"]
[EventType "team"]
[EventRounds "9"]
[EventCountry "SVK"]
[WhiteTeam "Slovakia LSS A"]
[BlackTeam "Denmark"]

1. d4 Nf6 2. c4 g6 3. Nc3 d5 4. cxd5 Nxd5 5. e4 Nxc3 6. bxc3 Bg7 7. Bc4 c5 8.
Ne2 Nc6 9. Be3 O-O 10. O-O Qc7 11. Qc2 Rd8 12. Rad1 b6 13. f4 Na5 14. Bb3 Bg4
15. h3 cxd4 16. Bxd4 Bxd4+ 17. Rxd4 Bxe2 18. Rxd8+ Rxd8 19. Qxe2 Nxb3 20. axb3
Qxc3 21. Rf3 Qc1+ 22. Kh2 Rd2 23. Qb5 Qc2 24. Rg3 Qxe4 25. f5 Kg7 26. fxg6 hxg6
27. Qg5 Rd5 28. Qc1 Qe5 29. Qf1 Qd6 30. Qf3 Rg5 31. h4 Qxg3+ 32. Qxg3 Rxg3 33.
Kxg3 e5 34. Kf3 f5 0-1

[Event "FIDE World Youth U16 Chess Olympiad SLOVAKIA 2016"]
[Site "Poprad Tatry SLOVAKIA"]
[Date "2016.07.22"]
[Round "1"]
[Board "4"]
[White "Nilssen, Ellen Fredericia"]
[Black "Korenova, Simona"]
[Result "1-0"]
[WhiteElo "1881"]
[BlackElo "1638"]
[PlyCount "133"]
[EventDate "2016.07.22"]
[EventType "team"]
[EventRounds "9"]
[EventCountry "SVK"]
[WhiteTeam "Denmark"]
[BlackTeam "Slovakia LSS A"]

1. d4 d5 2. c4 c6 3. Nc3 Nf6 4. Nf3 e6 5. Bg5 Nbd7 6. e3 Be7 7. Rc1 O-O 8. Bd3
h6 9. Bh4 Re8 10. O-O dxc4 11. Bxc4 b5 12. Bd3 Bb7 13. Qe2 a5 14. Bxf6 Nxf6 15.
Ne4 Rc8 16. Nc5 Bxc5 17. dxc5 Qc7 18. Nd2 Rcd8 19. Rfd1 Re7 20. Be4 Red7 21.
Bf3 Qe5 22. Nb3 a4 23. Nd4 Qc7 24. g3 Ra8 25. h4 a3 26. b3 Nd5 27. Bg4 Re7 28.
e4 Nf6 29. f4 Bc8 30. Rc3 e5 31. Nf5 Bxf5 32. Bxf5 exf4 33. Rd6 Ne8 34. Rdd3 b4
35. Rc4 fxg3 36. Rxb4 Qe5 37. Qd2 Qxc5+ 38. Kg2 Qe5 39. Rc4 Qf6 40. Rxg3 Qxh4
41. Rxc6 Rc7 42. Rxh6 Qd8 43. Rd3 Qe7 44. Rh1 Qe5 45. Rdh3 Kf8 46. Qb4+ Qc5 47.
Qxc5+ Rxc5 48. Kf3 g6 49. Bg4 g5 50. Bf5 Ra6 51. Rd1 Nf6 52. Rd3 Rc2 53. e5 g4+
54. Bxg4 Nxg4 55. Kxg4 Rxa2 56. b4 Rg2+ 57. Kf4 a2 58. Ra3 Rc6 59. Rh8+ Kg7 60.
Raa8 f6 61. Rhg8+ Kf7 62. Rxg2 fxe5+ 63. Kxe5 Rb6 64. Ra7+ Kf8 65. Rd2 Ke8 66.
Rh2 Rb5+ 67. Kd6 1-0

[Event "FIDE World Youth U16 Chess Olympiad SLOVAKIA 2016"]
[Site "Poprad Tatry SLOVAKIA"]
[Date "2016.07.22"]
[Round "1"]
[Board "1"]
[White "Livaic, Leon"]
[Black "Kostolansky, Sebastian Lukas"]
[Result "1/2-1/2"]
[WhiteElo "2447"]
[BlackElo "1962"]
[PlyCount "101"]
[EventDate "2016.07.22"]
[EventType "team"]
[EventRounds "9"]
[EventCountry "SVK"]
[WhiteTeam "Croatia"]
[BlackTeam "Slovakia BSZ"]

1. d4 Nf6 2. c4 e6 3. Nf3 Bb4+ 4. Nbd2 d5 5. Qa4+ Nc6 6. e3 Bd7 7. Qc2 O-O 8.
a3 Bxd2+ 9. Bxd2 Ne4 10. Bd3 Nxd2 11. Nxd2 h6 12. cxd5 exd5 13. O-O Ne7 14.
Rfc1 c6 15. b4 Qb6 16. Rab1 Rfc8 17. a4 Qc7 18. Qc5 Bf5 19. Bxf5 Nxf5 20. b5
Qd7 21. g3 Ne7 22. b6 a6 23. Nb3 Ng6 24. Qc2 Qg4 25. Nc5 Rab8 26. Qd1 Qf5 27.
f3 h5 28. Qf1 h4 29. Re1 hxg3 30. hxg3 Rd8 31. Rbd1 Qh5 32. Rd2 Rd6 33. Rh2 Qf5
34. g4 Qg5 35. Qh3 f5 36. Qg3 f4 37. exf4 Nxf4 38. Re5 Qf6 39. g5 Qf7 40. Qh4
Ng6 41. Qh3 Qf4 42. Rf5 Qxd4+ 43. Kh1 Nh4 44. Qxh4 Qd1+ 45. Kg2 Qc2+ 46. Kf1
Qb1+ 47. Kf2 Qc2+ 48. Kf1 Qb1+ 49. Kf2 Qc2+ 50. Kf1 Qb1+ 51. Kf2 1/2-1/2